Memoria

में बचाया:
ग्रंथसूची विवरण
स्वरूप: अज्ञात
प्रकाशित: San José: Diseño Alternativo
विषय:
टैग: टैग जोड़ें
कोई टैग नहीं, इस रिकॉर्ड को टैग करने वाले पहले व्यक्ति बनें!

MARC

LEADER 00000 a2200000 04500
001 18935
003
008 991231s d
040
090 |a 144808  
245 |a Memoria  
260 |a San José:   |b Diseño Alternativo  
300 |a 199 p.  
650 |a MUJERES  
650 |a DEMOCRACIA  
650 |a DEMOCRATIZACION  
650 |a POLITICA  
650 |a REFORMA POLITICA  
650 |a PARTICIPACION POLITICA  
650 |a COMPORTAMIENTO POLITICO  
999 |c 15103  |d 15103